Net the benefits (Record no. 68665)

MARC details
000 -LEADER
fixed length control field 01480cam a2200265 4500
001 - CONTROL NUMBER
control field ABS64731
008 - FIXED-LENGTH DATA ELEMENTS--GENERAL INFORMATION
fixed length control field 011024n2001 000 0 eng u
035 ## - SYSTEM CONTROL NUMBER
System control number (Sirsi) u115291
100 ## - MAIN ENTRY--PERSONAL NAME
Personal name Dear, B
245 ## - TITLE STATEMENT
Title Net the benefits
260 ## - PUBLICATION, DISTRIBUTION, ETC.
Date of publication, distribution, etc. 2001
490 ## - SERIES STATEMENT
Series statement Property Week
Volume/sequential designation 66(38) 21 September 2001, 94(1)
520 ## - SUMMARY, ETC.
Summary, etc. Discusses the advantages of electronic conveyancing over the existing paper system. Benefits include the elimination of delays between exchange and completion, the ability to quickly identify and remedy errors or issues, and the way that involvement of all parties in tracking the progress of the transaction online. Looks at online searches via the Land Registry Direct system and the one-stop-shop service offered by the National Land Information Service. Explains how the Electronic Communications Act and the Land Registration Bill will make e-conveyancing a reality by enabling electronic signatures and providing a secure environment. Raises the issue of stamp duty in an electronic system, and concludes that e-conveyancing could make property a more appealing asset.
590 ## - LOCAL NOTE (RLIN)
Local note ABS
650 ## - SUBJECT ADDED ENTRY--TOPICAL TERM
Topical term or geographic name entry element ECONVEYANCING
650 ## - SUBJECT ADDED ENTRY--TOPICAL TERM
Topical term or geographic name entry element ECONVEYANCING
650 ## - SUBJECT ADDED ENTRY--TOPICAL TERM
Topical term or geographic name entry element PROPERTY TRANSACTIONS
650 ## - SUBJECT ADDED ENTRY--TOPICAL TERM
Topical term or geographic name entry element LAND REGISTRATION BILL
650 ## - SUBJECT ADDED ENTRY--TOPICAL TERM
Topical term or geographic name entry element ELECTRONIC COMMUNICATIONS ACT 2000
650 ## - SUBJECT ADDED ENTRY--TOPICAL TERM
Topical term or geographic name entry element STAMP DUTY
650 ## - SUBJECT ADDED ENTRY--TOPICAL TERM
Topical term or geographic name entry element NATIONAL LAND INFORMATION SERVICE
650 ## - SUBJECT ADDED ENTRY--TOPICAL TERM
Topical term or geographic name entry element E-SIGNATURES
690 ## - LOCAL SUBJECT ADDED ENTRY--TOPICAL TERM (OCLC, RLIN)
Topical term or geographic name as entry element PROPERTY AND LAND LAW-CONVEYANCING
942 ## - ADDED ENTRY ELEMENTS (KOHA)
Suppress in OPAC 0
Holdings
Withdrawn status Lost status Source of classification or shelving scheme Damaged status Not for loan Home library Current library Shelving location Date acquired Total Checkouts Full call number Barcode Date last seen Copy number Price effective from Koha item type
    Dewey Decimal Classification     London London Journal article 24/10/2001   ABS64731 115291-1001 06/08/2019 1 06/08/2019 Journal article